Making architecture : (Record no. 8699)

MARC details
000 -LEADER
fixed length control field 01378cam a22003611i 4500
001 - CONTROL NUMBER
control field 22775244
003 - CONTROL NUMBER IDENTIFIER
control field OSt
005 - DATE AND TIME OF LATEST TRANSACTION
control field 20260401104634.0
008 - FIXED-LENGTH DATA ELEMENTS--GENERAL INFORMATION
fixed length control field 220827s2023 enka 001 0 eng d
010 ## - LIBRARY OF CONGRESS CONTROL NUMBER
LC control number 2022945672
020 ## - INTERNATIONAL STANDARD BOOK NUMBER
International Standard Book Number 9780500025024
Qualifying information paperback
020 ## - INTERNATIONAL STANDARD BOOK NUMBER
International Standard Book Number 0500025029
Qualifying information paperback
040 ## - CATALOGING SOURCE
Original cataloging agency ItFiC
Language of cataloging eng
Description conventions rda
Transcribing agency ItFiC
043 ## - GEOGRAPHIC AREA CODE
Geographic area code e-uk---
050 00 - LIBRARY OF CONGRESS CALL NUMBER
Classification number NA997.J65
Item number F73 2023
082 ## - DEWEY DECIMAL CLASSIFICATION NUMBER
Classification number 720.922 F74 2023
100 1# - MAIN ENTRY--PERSONAL NAME
Personal name Frampton, Kenneth,
Relator term author.
Authority record control number or standard number http://id.loc.gov/authorities/names/n79108317
245 10 - TITLE STATEMENT
Title Making architecture :
Remainder of title the work of John McAslan + Partners /
Statement of responsibility, etc. Kenneth Frampton [and five others].
264 #1 - PRODUCTION, PUBLICATION, DISTRIBUTION, MANUFACTURE, AND COPYRIGHT NOTICE
Place of production, publication, distribution, manufacture London ;
-- New York :
Name of producer, publisher, distributor, manufacturer Thames & Hudson Ltd,
Date of production, publication, distribution, manufacture, or copyright notice 2023.
264 #4 - PRODUCTION, PUBLICATION, DISTRIBUTION, MANUFACTURE, AND COPYRIGHT NOTICE
Date of production, publication, distribution, manufacture, or copyright notice 2023.
300 ## - PHYSICAL DESCRIPTION
Extent 352 pages :
Other physical details illustrations (chiefly color) ;
Dimensions 28 cm
336 ## - CONTENT TYPE
Content type term text
Content type code txt
Source rdacontent
336 ## - CONTENT TYPE
Content type term still image
Source rdacontent
337 ## - MEDIA TYPE
Media type term unmediated
Media type code n
Source rdamedia
338 ## - CARRIER TYPE
Carrier type term volume
Carrier type code nc
Source rdacarrier
500 ## - GENERAL NOTE
General note Includes index.
610 20 - SUBJECT ADDED ENTRY--CORPORATE NAME
Corporate name or jurisdiction name as entry element John McAslan & Partners
Authority record control number or standard number http://id.loc.gov/authorities/names/nr00020218
650 #0 - SUBJECT ADDED ENTRY--TOPICAL TERM
Topical term or geographic name entry element Architecture, Modern
Chronological subdivision 21st century.
650 #0 - SUBJECT ADDED ENTRY--TOPICAL TERM
Topical term or geographic name entry element Architecture
Geographic subdivision Great Britain
General subdivision History
Chronological subdivision 21st century.
906 ## - LOCAL DATA ELEMENT F, LDF (RLIN)
a 7
b cbc
c orignew
d 2
e epcn
f 20
g y-gencatlg
942 ## - ADDED ENTRY ELEMENTS (KOHA)
Source of classification or shelving scheme Dewey Decimal Classification
Koha item type English Book
Suppress in OPAC No
Holdings
Withdrawn status Lost status Source of classification or shelving scheme Damaged status Not for loan Home library Current library Date acquired Total Checkouts Full call number Barcode Date last seen Price effective from Koha item type
    Dewey Decimal Classification     CENTRAL TUWAIQ 04/01/2026   720.922 F74 2023 1000000025822 04/01/2026 04/01/2026 English Book